Lyrics to 'The Place To Be' from Zombies 4 - Statistics

General Stats
  • This quiz has been taken 79 times
  • The average score is 241 of 318
Answer Stats
Answer % Correct
I
100%
the
100%
The
100%
a
97%
A
97%
is
97%
of
97%
to
97%
We
97%
we
97%
be!
95%
be
95%
This
95%
go
92%
hear
92%
on
92%
place
92%
power
92%
sun
92%
We're
92%
we're
92%
daywalkers
90%
you
90%
You
90%
Here
87%
it's
87%
It's
87%
no
87%
side
87%
any
85%
anyone
85%
light
85%
Light
85%
see
85%
so
85%
then
85%
For
82%
for
82%
got
82%
hotter
82%
take
82%
Thanks
82%
vampires
82%
Welcome
82%
welcome
82%
fire
79%
from
79%
shade
79%
way
79%
most
77%
incredible?
74%
Lucky
74%
bright
72%
Bright
72%
ever
72%
know
72%
lightstone
72%
our
72%
out
72%
unforgettable
72%
Won't
72%
won't
72%
better
69%
Check
69%
come
69%
darkstone
69%
don't
69%
moon
69%
Never
69%
You'll
69%
at
67%
At
67%
Does
67%
Fear
67%
have
67%
make
67%
one
67%
They
67%
they
67%
through
67%
underneath
67%
what
67%
all
64%
get
64%
own
64%
stumbling
64%
are
62%
bad?
62%
Cause
62%
cool
62%
looking
62%
night
62%
showstopper
62%
that's
62%
tired
62%
understand?
62%
anybody
59%
burn
59%
flight"
59%
flight
59%
outside
59%
talkers
59%
vamps
59%
wind
59%
almost
56%
always
56%
effortlessly
56%
friends
56%
Okay
56%
smooth
56%
unfair
56%
with
56%
With
56%
done
54%
fun
54%
gonna
54%
if
54%
just
54%
my
54%
people
54%
solar
54%
Those
54%
tonight
54%
us
54%
can't
51%
future
51%
higher
51%
home
51%
last
51%
Lying
51%
Maybe
51%
only
51%
someday
51%
There's
51%
Try
51%
we'll
51%
"we'll
51%
Hey
49%
learn
49%
Number
49%
real
49%
Soaring
49%
song
49%
Telling
49%
which
49%
flare
46%
I'll
46%
play
46%
shame
46%
baddest
44%
status
44%
Would
44%
You're
44%
change
41%
life
41%
offer
41%
old
41%
taking
41%
Want
41%
beyond
38%
fears
36%
powered
36%
sneaky
36%
No matching quizzes found
Score Distribution
Percent of People with Each Score
Percentile by Number Answered
Your Score History
You have not taken this quiz